| 000 | 004410000a22001690004500 | ||
|---|---|---|---|
| 003 | MACL | ||
| 005 | 20160101171048.0 | ||
| 008 | 160101b xxu||||| |||| 00| 0 eng d | ||
| 040 |
_aMACL _cMACL |
||
| 041 | _aEnglish | ||
| 082 | _a350/MAV | ||
| 100 |
_aWavell, Field Marshal Earl _926751 |
||
| 245 | _aThe palestine Campaigns | ||
| 260 |
_bConstable & Co Ltd _c1951 _aLondon |
||
| 650 |
_aMilitary Science _926752 |
||
| 942 |
_cBK _k350/MAV _2ddc |
||
| 999 |
_c38381 _d38381 |
||